Los miedos del hombre: reflexiones de un psiquiatra

Uloženo v:
Podrobná bibliografie
Hlavní autor: Cardona Pescador, Juan (Autor)
Médium: Kniha
Jazyk:španělština
Vydáno: Madrid Rialp 1989
Edice:Libros de Bolsillo Rialp
Témata:
Tagy: Přidat tag
Žádné tagy, Buďte první, kdo vytvoří štítek k tomuto záznamu!

MARC

LEADER 00000nam a2200000 a 4500
001 UCW5832
003 CL-VaPUC
008 910813e19890000SP |||||||||||||||||spa|d
082 0 4 |a 157  |b CAR  |2 21 
100 0 |a Cardona Pescador, Juan  |e author  |9 310875 
245 1 4 |a Los miedos del hombre: reflexiones de un psiquiatra 
300 |a 182 p 
942 |c BK 
945 |d 19910813 00:00:00 
260 |a Madrid  |b Rialp  |c 1989 
650 7 |a PSICOTERAPIA  |2 CL-VaPUC  |9 310876 
650 7 |a PSICOLOGIA PATOLOGICA  |2 CL-VaPUC  |9 266262 
650 7 |a MIEDO ASPECTOS PSICOLOGICOS  |2 CL-VaPUC  |9 310877 
583 |a last modification  |c 19910813 00:00:00  |k Rodrigo Vera 
490 0 |a Libros de Bolsillo Rialp 
999 |c 219152  |d 219150 
952 |0 0  |1 0  |4 0  |6 157_000000000000000_CAR_1989  |7 0  |8 P  |9 209723  |a BIBEDU  |b BIBEDU  |c BIBEDU_PB  |d 2019-11-15  |i 2776057  |o 157 CAR 1989  |p 2776057  |r 2024-01-25  |w 2019-11-15  |y BK  |k EDU